00269nam a22001097a 4500008004100000082001100041100001700052245004600069260002500115300000800140650001100148230916b |||||||| |||| 00| 0 eng d a105.23 aR.L. Tokheim aMicroprocessor FundamentalscR.L. Tokheim aNew DelhibTMHc1987 a378 aBB CSE